| 000 | 01146nam a2200277Ia 4500 | ||
|---|---|---|---|
| 003 | OSt | ||
| 005 | 20220923211559.0 | ||
| 006 | a|||||r|||| 00| 0 | ||
| 007 | ta | ||
| 008 | 220922b |||||||| |||| 00| 0 san d | ||
| 020 |
_a9789386554482 (pbk) _c145 |
||
| 024 | _a325,539 | ||
| 037 |
_b508/1, 24/01/2018, Vidyanidhi Prakashan _cTextual |
||
| 040 |
_aARTS _cARTS _bsan |
||
| 041 |
_2san _asan |
||
| 082 | _aV2:72, 152Q8 | ||
| 100 | _aशर्मा, अमिता, ले. | ||
| 245 | 0 | _aभारतीय, अभिलेखशास्त्र, एवं कालक्रमपद्धति | |
| 246 | _aBhāratīya, abhilekhashāstra, evan kālakramapaddhati | ||
| 260 |
_aवाराणसी _b चौखम्बा सुरभारती प्रकाशन _c2018 |
||
| 300 |
_a106पृ0 _ccm. |
||
| 490 | _aचौखम्बा सुरभारती ग्रन्थमाला; 636 | ||
| 650 |
_aभारत-इतिहास _9156353 |
||
| 942 |
_hV2:72, 152Q8 _cTEXL _2CC |
||
| 999 |
_c300995 _d300995 |
||